000 00620nam a22001937a 4500
999 _c186762
_d186762
005 20220314171409.0
010 _aENG-131983
020 _a9789355321886
_c295.00
035 _aEN-115515
037 _bDBAD
082 _a330.954
100 _aKaruppiah, Sankarganesh
245 _aIndian Economy:
_bKey Concepts/
_cSankarganesh Karuppaih
250 _a7e Edition
260 _aChennai
_bMcGraw Hill Education Private Limited
_c2022
270 _aAnjana Complex, No. 5/90A, Butt Road, St. Thomas Mount
_bChennai
_e600016
300 _axx, 204p.
_bIndex
_c24cm(pbk)
942 _2ddc
_cEN
_h330.954
_mKAR